000 002760000a22000970004500
100 1 _aHoward, David M.
245 1 0 _aRecordando a Ernesto Fowler: Un héroe de la fe
300 _aVol. 77, Num. 1 (Enero-Marzo, 1997), Página 4
773 0 _tLatin America Evangelist
942 _cANA
999 _c55043
_d55043